LEADER 01113nam0-22003251i-450- 001 990004391000403321 005 20050117101604.0 035 $a000439100 035 $aFED01000439100 035 $a(Aleph)000439100FED01 035 $a000439100 100 $a19990604d1997----km-y0itay50------ba 101 0 $aita 102 $aIT 105 $ay-------001yy 200 1 $a<>stato maggiore generale tra le due guerra$everbali delle riunioni presiedute da Badoglio dal 1925 al 1937$fAntonello Biagini, Alessandro Gionfrida 210 $aRoma$cSME, Ufficio storico$d1997 215 $a470 p.$d25 cm 300 $aSul front.: Stato maggiore dell'esercito, Ufficio storico 610 0 $aEsercito italiano$aStato maggiore$a1925-1937$aDocumenti 676 $a355.30945$v21$zita 700 1$aBiagini,$bAntonello$f<1945- >$0153939 701 1$aGionfrida,$bAlessandro$0163085 801 0$aIT$bUNINA$gRICA$2UNIMARC 901 $aBK 912 $a990004391000403321 952 $a355.30 BIA 1$bBibl.44773$fFLFBC 959 $aFLFBC 996 $aStato maggiore generale tra le due guerra$9542383 997 $aUNINA LEADER 01127nam--2200373---450- 001 990002831850203316 005 20061102153129.0 010 $a0-471-92079-7 035 $a000283185 035 $aUSA01000283185 035 $a(ALEPH)000283185USA01 035 $a000283185 100 $a20061102d1988----km-y0itay50------ba 101 $aeng 102 $aGB 105 $a||||||||001yy 200 1 $aFinite element approximation for optimal shape design$etheory and applications$fJ. Haslinger and P. Neittaanmaki 210 $aChichester [etc.]$cJ. Wiley & Sons$dc1988 215 $aXII, 335 p.$d24 cm. 410 0$12001 454 1$12001 461 1$1001-------$12001 606 0 $aOttimizzazione strutturale$xMetodo degli elementi finiti 676 $a620.00425 700 1$aHASLINGER,$bJ.$058886 701 1$aNEITTAANMAKI,$bPekka$0340503 801 0$aIT$bsalbc$gISBD 912 $a990002831850203316 951 $aCM/15$b853$cCM 959 $aBK 969 $aDIMEC 979 $aDIMEC$b90$c20061102$lUSA01$h1531 996 $aFinite element approximation for optimal shape design$9993642 997 $aUNISA